| 000 | 01249cam a22001934a 4500 | ||
|---|---|---|---|
| 005 | 20250605163933.0 | ||
| 008 | 250528s ||||||||||||||||||||||||d | ||
| 035 | _a14775 | ||
| 020 | _a803987250 | ||
| 040 |
_aGR-AtMCL _bgre _dGR-AtMCL _eAACR2 |
||
| 245 | 1 | _aPersonality and Social Psychology / Towards a Synthesis | |
| 260 |
_bSage Publications, _c1992 |
||
| 300 | _a278 | ||
| 520 | _aThis lucid and timely textbook presents a much-needed review and synthesis or recent developments in personality psychology. Acknowledgements, Persons and Situations: Cornerstones of Modern Personality Psychology, The Issue of Consistency in Personality: Sixty Years of Controversy, In Defense of Traits: (and Revised) Perspectives, Modern Interactionism: An Alternative Framework for Personality Research, Implementing the Interactionist Program: Three Exemplary Areas of Research, Improving Personality Measurement: The Nomothetic Road to the Study of Consistency, Personality Psychology is about Individuals: Rediscovering the Idiographic Legacy, The Role of the Situation in Personality Research, Personality Psychology in the Nineteens: An Outlook, References, Index. | ||
| 700 | 1 |
_aKrahe Barbara _9533 |
|
| 942 | _cBK | ||
| 999 |
_c394 _d394 |
||